000 00816nam a22002777a 4500
003 dpl
005 20170124105919.0
008 161004b xxu||||| |||| 00| 0 eng d
010 _aA-66650
020 _c00
035 _aA-66650
037 _bCen Lib/Ret
040 _aDPL
_bEN
_cTIT
082 _a016.86
_bSMI
100 _aSmith, F. Seymour
_93876
245 _aAn english library :
_cby F. Seymour Smith
_ba bookman's guide /
246 _b
250 _arev.
260 _bAndre Deutsch
_c1963
_aLondon
270 _bLondon
_a105, russell street
300 _a384p.
_c18cm(Hb)
500 _aincludes bibliographical references and index
650 _aEnglish Literature
_9108189
650 _aClassics Literature
_vEnglish collections
_93878
942 _2ddc
_cEN
_h016.86
_mSMI
999 _c123050
_d123050